000 00364nam a22001577a 4500
003 dpl
005 20230828123513.0
008 230828b |||||||| |||| 00| 0 eng d
040 _c-
082 _a621-MSW
100 _a-
_955410
245 _aM.S. Word 2016
_hEnglish
260 _aA.I.C.B.
_bDelhi
_cRohini
300 _a12x13
_f1
942 _2ddc
_cBRLEN
_k621
_mMSW
999 _c197585
_d197585